[Event "USA-ch U20"]
[Site "Saint Louis"]
[Date "2023.07.22"]
[Round "7"]
[White "Xu, Arthur Zihan"]
[Black "Ghazarian, Kirk Vagho"]
[Result "0-1"]
[WhiteElo "2083"]
[BlackElo "2469"]
[PlyCount "70"]
[EventDate "2023.07.15"]
[EventType "tourn"]
[EventRounds "9"]
[EventCountry "USA"]
[EventCategory "9"]
[SourceTitle "CBM 215 Extra"]
[Source "ChessBase"]
[SourceDate "2023.09.30"]
[SourceVersion "1"]
[SourceVersionDate "2023.09.30"]
[SourceQuality "1"]

1. e4 c5 2. Nf3 e6 3. d4 cxd4 4. Nxd4 Nc6 5. Nc3 Qc7 6. Be3 a6 7. Qd2 Be7 8. 0-0-0 Nf6 9. f3 b5 10. g4 h6 11. h4 Ne5 12. Be2 Nc4 13. Bxc4 Qxc4 14. Kb1 d6 15. g5 Nh5 16. gxh6 g6 17. f4 Bb7 18. Rhg1 Nf6 19. e5 b4 20. Na4 Ne4 21. Qd3 Qc7 22. h5 gxh5 23. f5 dxe5 24. Nxe6 fxe6 25. Bb6 Qc6 26. Rg6 Qxa4 27. fxe6 Qb5 28. Qh3 Qe2 29. Rdg1 Rc8 30. Ka1 Ng5 31. R6xg5 Bxg5 32. Qf5 Rf8 33. Qg6+ Ke7 34. Qxg5+ Kxe6 35. Qg6+ Rf6 0-1

[Event "Las Vegas National op"]
[Site "Las Vegas"]
[Date "2023.06.15"]
[Round "2"]
[White "Schmakel, Sam A"]
[Black "Xu, Arthur Zihan"]
[Result "1-0"]
[WhiteElo "2416"]
[BlackElo "2133"]
[PlyCount "107"]
[EventDate "2023.06.14"]
[EventType "swiss"]
[EventRounds "9"]
[EventCountry "USA"]
[SourceTitle "CBM 214 Extra"]
[Source "ChessBase"]
[SourceDate "2023.07.31"]
[SourceVersion "1"]
[SourceVersionDate "2023.07.31"]
[SourceQuality "1"]

1. e4 e5 2. Nf3 Nc6 3. Bb5 g6 4. c3 Bg7 5. d4 exd4 6. cxd4 a6 7. Ba4 b5 8. Bb3 Nge7 9. 0-0 0-0 10. d5 Na5 11. Bd2 Nxb3 12. Qxb3 c5 13. Bc3 d6 14. Bxg7 Kxg7 15. Nbd2 f6 16. Rfe1 Bd7 17. Nf1 Ng8 18. N3d2 Nh6 19. h3 Nf7 20. f4 Re8 21. Ng3 Rc8 22. Kh2 Qa5 23. Nf3 Rc7 24. Re3 Bc8 25. Rae1 Rce7 26. a3 Bb7 27. Qd3 Qb6 28. b4 c4 29. Qd2 Bc8 30. Qc3 Qc7 31. Nd4 Bd7 32. Nf1 Qd8 33. Nd2 Rh8 34. N2f3 Rhe8 35. g4 h6 36. Kg2 Qa8 37. Nc2 Qb8 38. Kg3 Qc8 39. Ncd4 g5 40. f5 Rh8 41. Ne6+ Bxe6 42. fxe6 Ne5 43. Nxe5 dxe5 44. Rf3 h5 45. Ref1 hxg4 46. hxg4 Rh6 47. Rxf6 Rxf6 48. Qxe5 Rexe6 49. dxe6 Qxe6 50. Qxg5+ Rg6 51. Qf4 Qe7 52. e5 c3 53. Qd4 Qe6 54. Rc1 1-0

[Event "PNWCC Super G60 Apr Gp1"]
[Site "Chess.com INT"]
[Date "2021.04.25"]
[Round "4"]
[White "Yan, Rui Yang"]
[Black "Xu, Arthur Zihan"]
[Result "0-1"]
[WhiteElo "2093"]
[BlackElo "2106"]
[PlyCount "92"]
[EventDate "2021.04.24"]
[EventType "swiss"]
[EventRounds "6"]
[EventCountry "USA"]
[SourceTitle "CBM 202 Extra"]
[Source "ChessBase"]
[SourceDate "2021.07.31"]
[SourceVersion "1"]
[SourceVersionDate "2021.07.31"]
[SourceQuality "1"]

1. e4 e5 2. Nf3 Nc6 3. Bb5 a6 4. Ba4 Nf6 5. d3 b5 6. Bb3 Be7 7. 0-0 d6 8. a3 0-0 9. Nc3 Be6 10. Ba2 Re8 11. Re1 h6 12. Nd5 Bf8 13. c4 Rb8 14. b4 g6 15. Qc2 bxc4 16. dxc4 Nd4 17. Nxd4 exd4 18. Qd3 Bg7 19. Bb2 c5 20. Rab1 a5 21. b5 Nd7 22. Qg3 Ne5 23. h3 g5 24. a4 Kh7 25. Rbd1 Qd7 26. Bc1 f5 27. exf5 Bxf5 28. f4 gxf4 29. Bxf4 Qf7 30. Rf1 Qh5 31. Rd2 Rf8 32. Rdf2 Qg6 33. Ne7 Qxg3 34. Bxg3 Bd3 35. Rxf8 Bxf8 36. Bxe5 dxe5 37. Rf7+ Bg7 38. Nc6 Re8 39. b6 e4 40. b7 e3 41. b8Q Rxb8 42. Nxb8 Bc2 43. Rb7 d3 44. Bb1 Kh8 45. Nc6 e2 46. Kf2 d2 0-1

[Event "PNWCC Super G60 Apr Gp1"]
[Site "Chess.com INT"]
[Date "2021.04.24"]
[Round "1"]
[White "Stupak, Kirill"]
[Black "Xu, Arthur Zihan"]
[Result "1-0"]
[WhiteElo "2501"]
[BlackElo "2106"]
[PlyCount "59"]
[EventDate "2021.04.24"]
[EventType "swiss"]
[EventRounds "6"]
[EventCountry "USA"]
[SourceTitle "CBM 202 Extra"]
[Source "ChessBase"]
[SourceDate "2021.07.31"]
[SourceVersion "1"]
[SourceVersionDate "2021.07.31"]
[SourceQuality "1"]

1. c4 Nf6 2. Nc3 e6 3. e4 d5 4. cxd5 exd5 5. e5 d4 6. exf6 dxc3 7. Qe2+ Be6 8. dxc3 Qxf6 9. Qb5+ Bd7 10. Qxb7 Qe5+ 11. Be3 Bc6 12. Qc8+ Ke7 13. 0-0-0 Bd7 14. Rxd7+ Nxd7 15. Qxa8 g6 16. Nf3 Qe6 17. Nd4 Qxa2 18. Nc6+ Ke6 19. Qxa7 Qxa7 20. Bc4+ Kd6 21. Nxa7 Bg7 22. Rd1+ Ke7 23. Nc6+ Ke8 24. Bxf7+ Kxf7 25. Rxd7+ Kf8 26. Bc5+ Kg8 27. Rxg7+ Kxg7 28. Bd4+ Kg8 29. Bxh8 Kxh8 30. Kd2 1-0

[Event "PNWCC WOW op"]
[Site "Chess.com INT"]
[Date "2020.12.28"]
[Round "7"]
[White "Xu, Arthur Zihan"]
[Black "Wiebe, Daniel"]
[Result "1-0"]
[WhiteElo "2106"]
[BlackElo "1988"]
[PlyCount "67"]
[EventDate "2020.12.26"]
[EventType "swiss"]
[EventRounds "9"]
[EventCountry "USA"]
[SourceTitle "CBM 200 Extra"]
[Source "ChessBase"]
[SourceDate "2021.03.31"]
[SourceVersion "1"]
[SourceVersionDate "2021.03.31"]
[SourceQuality "1"]

1. e4 c5 2. Nf3 d6 3. d4 cxd4 4. Nxd4 Nf6 5. Nc3 a6 6. Be3 e5 7. Nb3 Be6 8. f3 Nbd7 9. Qd2 b5 10. 0-0-0 Be7 11. g4 b4 12. Ne2 a5 13. Kb1 a4 14. Nbc1 Qa5 15. g5 Nh5 16. Ng3 Nf4 17. h4 g6 18. Bxf4 exf4 19. Nge2 b3 20. Nxf4 Qxd2 21. Rxd2 bxc2+ 22. Rxc2 h6 23. Rg1 hxg5 24. hxg5 Rh4 25. Nxe6 fxe6 26. Bb5 Kd8 27. Ne2 e5 28. Nc3 Nc5 29. Nd5 Rh5 30. Nf6 Rh3 31. Rd1 Ne6 32. Bd7 Nd4 33. Bxh3 Nxc2 34. Kxc2 1-0

[Event "PNWCC Online blitz JP 8th"]
[Site "Chess.com INT"]
[Date "2020.05.02"]
[Round "7"]
[White "Ivanisevic, Ivan"]
[Black "Xu, Arthur Zihan"]
[Result "1-0"]
[WhiteElo "2604"]
[BlackElo "2105"]
[PlyCount "67"]
[EventDate "2020.05.02"]
[EventType "swiss (blitz)"]
[EventRounds "11"]
[EventCountry "USA"]
[SourceTitle "CBM 195 Extra"]
[Source "ChessBase"]
[SourceDate "2020.05.31"]
[SourceVersion "1"]
[SourceVersionDate "2020.05.31"]
[SourceQuality "1"]

1. c4 e6 2. Nc3 Nf6 3. e4 d5 4. cxd5 exd5 5. e5 Nfd7 6. d4 c6 7. Nf3 Nb6 8. Bd3 Be7 9. h3 0-0 10. 0-0 h6 11. Bc2 Be6 12. Qd3 g6 13. Bxh6 Bf5 14. Qe2 Re8 15. Bxf5 gxf5 16. e6 Bf6 17. exf7+ Kxf7 18. Qd3 Qd7 19. Ne2 Nc4 20. Ng3 Nd6 21. Nh5 Bh8 22. Ne5+ Bxe5 23. dxe5 Nc4 24. e6+ Qxe6 25. Rae1 Ne5 26. Qg3 Qxh6 27. Rxe5 Rxe5 28. Qxe5 Qxh5 29. Qc7+ Kg8 30. Qc8+ Kg7 31. Qxb7+ Qf7 32. Qxa8 Na6 33. Qxc6 Nb4 34. Qc3+ 1-0

[Event "PNWCC Online blitz JP 8th"]
[Site "Chess.com INT"]
[Date "2020.05.02"]
[Round "10"]
[White "Mariappan, Anish"]
[Black "Xu, Arthur Zihan"]
[Result "1-0"]
[WhiteElo "1397"]
[BlackElo "2105"]
[PlyCount "93"]
[EventDate "2020.05.02"]
[EventType "swiss (blitz)"]
[EventRounds "11"]
[EventCountry "USA"]
[SourceTitle "CBM 195 Extra"]
[Source "ChessBase"]
[SourceDate "2020.05.31"]
[SourceVersion "1"]
[SourceVersionDate "2020.05.31"]
[SourceQuality "1"]

1. e4 c5 2. Nf3 d6 3. d4 cxd4 4. Nxd4 Nf6 5. Nc3 a6 6. Be2 e5 7. Nf3 Be7 8. 0-0 h6 9. h3 Be6 10. Be3 0-0 11. a4 Nc6 12. Qd2 Rc8 13. Bd3 Nb4 14. a5 Nc6 15. Bb6 Qd7 16. Rfe1 Bd8 17. Na4 Qe7 18. Bxd8 Rfxd8 19. Nb6 Rc7 20. c3 Nb8 21. Rad1 Nbd7 22. Qe3 Nxb6 23. Qxb6 Rc6 24. Qe3 Qc7 25. Ra1 Rc5 26. Nd2 Rxa5 27. Rxa5 Qxa5 28. Nc4 Qc7 29. Nd2 b5 30. Ra1 Qc6 31. f4 exf4 32. Qxf4 d5 33. e5 Nd7 34. Nf3 Nc5 35. Bc2 Qb6 36. Kh1 Bc8 37. Qd2 Qe6 38. b4 Nd7 39. Re1 Nb6 40. Qd3 g6 41. Qe3 Nc4 42. Qxh6 Qc6 43. Ng5 Qc7 44. Qh7+ Kf8 45. Qh8+ Ke7 46. Qf6+ Ke8 47. e6 1-0

[Event "PNWCC Online blitz JP 8th"]
[Site "Chess.com INT"]
[Date "2020.05.02"]
[Round "2"]
[White "Sarana, Alexey"]
[Black "Xu, Arthur Zihan"]
[Result "1-0"]
[WhiteElo "2654"]
[BlackElo "2105"]
[PlyCount "121"]
[EventDate "2020.05.02"]
[EventType "swiss (blitz)"]
[EventRounds "11"]
[EventCountry "USA"]
[SourceTitle "CBM 195 Extra"]
[Source "ChessBase"]
[SourceDate "2020.05.31"]
[SourceVersion "1"]
[SourceVersionDate "2020.05.31"]
[SourceQuality "1"]

1. d4 d5 2. c4 e6 3. Nf3 Nf6 4. Nc3 Be7 5. g3 0-0 6. Bg2 b6 7. 0-0 Bb7 8. Qd3 Na6 9. a3 c5 10. Rd1 Rc8 11. dxc5 Nxc5 12. Qc2 Nce4 13. Nxe4 Nxe4 14. b3 Qc7 15. Bf4 Qc5 16. Be3 Qc7 17. Nd4 Bf6 18. Rac1 Rfd8 19. Nb5 Qb8 20. Bf4 e5 21. Bxe4 dxe4 22. Be3 Bc6 23. a4 Be7 24. Nc3 Qb7 25. Rxd8+ Rxd8 26. Rd1 Rxd1+ 27. Qxd1 Bb4 28. Qd8+ Bf8 29. Nb5 Bxb5 30. axb5 Qe7 31. Qd5 Qb4 32. Qd1 h6 33. Kg2 Bc5 34. Qd8+ Bf8 35. Qd1 Kh7 36. g4 Bc5 37. Qc2 Bxe3 38. Qxe4+ g6 39. Qxe3 Qd6 40. Qf3 Qe6 41. h3 e4 42. Qf4 Kg7 43. Qc7 e3 44. Qf4 exf2 45. Kxf2 Qe7 46. Kf3 Qb4 47. Qe3 Qd6 48. Ke4 Qe6+ 49. Kd3 Qd6+ 50. Qd4+ Qxd4+ 51. Kxd4 f5 52. gxf5 g5 53. b4 Kf6 54. e4 h5 55. c5 bxc5+ 56. bxc5 g4 57. hxg4 hxg4 58. c6 g3 59. Ke3 g2 60. Kf2 Ke5 61. c7 1-0

[Event "PNWCC Online blitz JP 8th"]
[Site "Chess.com INT"]
[Date "2020.05.02"]
[Round "11"]
[White "Xu, Arthur Zihan"]
[Black "Ho, Cooper"]
[Result "1-0"]
[WhiteElo "2105"]
[BlackElo "1663"]
[PlyCount "94"]
[EventDate "2020.05.02"]
[EventType "swiss (blitz)"]
[EventRounds "11"]
[EventCountry "USA"]
[SourceTitle "CBM 195 Extra"]
[Source "ChessBase"]
[SourceDate "2020.05.31"]
[SourceVersion "1"]
[SourceVersionDate "2020.05.31"]
[SourceQuality "1"]

1. e4 e5 2. Nf3 Nc6 3. Bb5 a6 4. Ba4 Nf6 5. 0-0 Be7 6. Re1 b5 7. Bb3 d6 8. c3 0-0 9. h3 Nb8 10. d4 Nbd7 11. c4 Bb7 12. Nc3 b4 13. Nd5 Nxd5 14. cxd5 exd4 15. Nxd4 Nc5 16. Bc2 Bf6 17. Be3 Re8 18. Qf3 Qd7 19. Rac1 Qe7 20. Nf5 Qd7 21. Bd4 Bxd4 22. Nxd4 Re5 23. Qg3 Rae8 24. f4 Nxe4 25. Qf3 Ng5 26. Qf2 Rxe1+ 27. Rxe1 Rxe1+ 28. Qxe1 Nxh3+ 29. gxh3 Bxd5 30. Qh4 h6 31. b3 c5 32. Nf5 Be6 33. Ne3 Bxh3 34. f5 Bxf5 35. Nxf5 Qc7 36. Qe7 Qxe7 37. Nxe7+ Kf8 38. Nf5 d5 39. Bd3 d4 40. Bxa6 Ke8 41. Bc4 g6 42. Nd6+ Ke7 43. Nxf7 h5 44. Ne5 Kf6 45. Nd7+ Kf5 46. Nxc5 g5 47. Nd3 g4 1-0

[Event "USA-ch High School K12"]
[Site "Schaumburg"]
[Date "2019.03.17"]
[Round "6"]
[White "Paul, Justin"]
[Black "Xu, Arthur Zihan"]
[Result "0-1"]
[WhiteElo "2210"]
[BlackElo "2080"]
[PlyCount "82"]
[EventDate "2019.03.15"]
[EventType "swiss"]
[EventRounds "7"]
[EventCountry "USA"]
[SourceTitle "CBM 189 Extra"]
[Source "ChessBase"]
[SourceDate "2019.06.03"]
[SourceVersion "1"]
[SourceVersionDate "2019.06.03"]
[SourceQuality "1"]

1. e4 c5 2. Nf3 d6 3. Bb5+ Nd7 4. d4 cxd4 5. Qxd4 a6 6. Bxd7+ Bxd7 7. 0-0 e5 8. Qd3 h6 9. c4 b5 10. Nc3 bxc4 11. Qxc4 Nf6 12. Rd1 Be7 13. h3 0-0 14. Be3 Qb8 15. Qd3 Be6 16. Rac1 Rd8 17. Na4 Qb7 18. Nb6 Rab8 19. a4 Nxe4 20. a5 Nc5 21. Bxc5 e4 22. Qc3 dxc5 23. Ne5 Qc7 24. Re1 f5 25. Ng6 Bd6 26. h4 h5 27. b4 Bf7 28. bxc5 Bh2+ 29. Kh1 Bxg6 30. g3 Rd3 31. Kxh2 Rxc3 32. Rxc3 Rd8 33. c6 Be8 34. Rec1 f4 35. Kg1 e3 36. fxe3 f3 37. Kf2 Rd2+ 38. Kxf3 Qf7+ 39. Ke4 Qe6+ 40. Kf4 Rf2+ 41. Kg5 Qg4# 0-1

[Event "Eastern op 45th"]
[Site "Tysons"]
[Date "2018.12.28"]
[Round "3"]
[White "Erenburg, Sergey"]
[Black "Xu, Arthur Zihan"]
[Result "1-0"]
[WhiteElo "2589"]
[BlackElo "2060"]
[PlyCount "95"]
[EventDate "2018.12.27"]
[EventType "swiss"]
[EventRounds "7"]
[EventCountry "USA"]
[SourceTitle "CBM 188 Extra"]
[Source "ChessBase"]
[SourceDate "2019.02.26"]
[SourceVersion "1"]
[SourceVersionDate "2019.02.26"]
[SourceQuality "1"]

1. e4 c5 2. Nf3 d6 3. d4 cxd4 4. Nxd4 Nf6 5. Nc3 a6 6. Be3 e5 7. Nf3 Be7 8. Bc4 Qc7 9. Bb3 0-0 10. 0-0 Nc6 11. Bg5 Be6 12. Bxf6 Bxf6 13. Nd5 Bxd5 14. Bxd5 Rac8 15. c3 Rfd8 16. Qd3 Ne7 17. Bb3 Qa5 18. Rfd1 Rd7 19. Rd2 Qc5 20. Rad1 Rcd8 21. g3 h5 22. h4 g6 23. Ng5 Bxg5 24. hxg5 Nc6 25. Qf3 Na5 26. Bd5 Nc4 27. Qf6 Nxd2 28. Qxg6+ Kf8 29. Qh6+ Ke7 30. Qf6+ Ke8 31. g6 Nf3+ 32. Kg2 Re7 33. gxf7+ Kd7 34. Qf5+ Kc7 35. f8Q Rxf8 36. Qxf8 Rh7 37. Qxf3 Kb6 38. Qe3 Qxe3 39. fxe3 Rg7 40. Rh1 Rg5 41. Bf7 Kc5 42. Rxh5 Rxh5 43. Bxh5 Kc4 44. g4 Kd3 45. g5 Kxe4 46. g6 Kxe3 47. g7 Kd2 48. g8Q 1-0

[Event "Wch U12"]
[Site "Santiago de Compostela"]
[Date "2018.11.15"]
[Round "11"]
[White "Xu, Arthur Zihan"]
[Black "Milikow, Elie"]
[Result "0-1"]
[WhiteElo "2034"]
[BlackElo "2173"]
[PlyCount "106"]
[EventDate "2018.11.04"]
[EventType "swiss"]
[EventRounds "11"]
[EventCountry "ESP"]
[SourceTitle "EXT 2022"]
[Source "ChessBase"]
[SourceDate "2021.10.06"]
[SourceVersion "1"]
[SourceVersionDate "2021.10.06"]
[SourceQuality "1"]

1. e4 c5 2. Nf3 Nc6 3. d4 cxd4 4. Nxd4 Nf6 5. Nc3 e5 6. Ndb5 d6 7. Bg5 a6 8. Na3 b5 9. Bxf6 gxf6 10. Nd5 f5 11. c3 Bg7 12. exf5 Bxf5 13. Nc2 0-0 14. Nce3 Be6 15. g3 f5 16. Bg2 Rc8 17. Qh5 Ne7 18. Rd1 e4 19. g4 Nxd5 20. Nxd5 Rc5 21. Nf4 Bf7 22. Qh3 fxg4 23. Qxg4 Rg5 24. Qh4 Bxa2 25. Bf1 Qf6 26. Nh3 Rd5 27. Qxf6 Rxd1+ 28. Kxd1 Rxf6 29. Bg2 Bb3+ 30. Ke2 Bc4+ 31. Ke3 d5 32. f4 Bf8 33. Kd4 Rc6 34. Bf1 Bg7+ 35. Ke3 Bxf1 36. Rxf1 Bxc3 37. Rg1+ Kf8 38. bxc3 Rxc3+ 39. Kd4 Rxh3 40. Kxd5 e3 41. Re1 Kf7 42. Kc5 Kf6 43. Kb6 Kf5 44. Kxa6 Kxf4 45. Kxb5 Kf3 46. Kc4 e2 47. Kd3 Kf2+ 48. Kd2 Rd3+ 49. Kxd3 Kxe1 50. h4 Kf2 51. h5 e1Q 52. Kc4 Qd2 53. h6 Ke3 0-1

[Event "Wch U12"]
[Site "Santiago de Compostela"]
[Date "2018.11.13"]
[Round "9"]
[White "Xu, Arthur Zihan"]
[Black "Zhakshylykov, Erzhan"]
[Result "1-0"]
[WhiteElo "2034"]
[BlackElo "1526"]
[PlyCount "67"]
[EventDate "2018.11.04"]
[EventType "swiss"]
[EventRounds "11"]
[EventCountry "ESP"]
[SourceTitle "EXT 2022"]
[Source "ChessBase"]
[SourceDate "2021.10.06"]
[SourceVersion "1"]
[SourceVersionDate "2021.10.06"]
[SourceQuality "1"]

1. e4 c5 2. Nf3 d6 3. d4 cxd4 4. Nxd4 Nf6 5. f3 g6 6. c4 Bg7 7. Nc3 Nc6 8. Be3 Bd7 9. Be2 0-0 10. 0-0 Ne5 11. Qd2 Rc8 12. b3 a6 13. Rac1 Re8 14. Rfd1 Qa5 15. Kh1 h5 16. h3 Rb8 17. Rc2 Rec8 18. Rdc1 Qb4 19. Bg5 Nc6 20. Bxf6 exf6 21. Nd5 Qxd2 22. Rxd2 Re8 23. Nb6 Be6 24. Nxe6 Bh6 25. Rcd1 Bxd2 26. Nc7 Bf4 27. Nxe8 Rxe8 28. Nd5 Be5 29. f4 Bb2 30. Rd2 Ba1 31. e5 Rd8 32. exd6 Kf8 33. c5 Bd4 34. b4 1-0

[Event "Wch U12"]
[Site "Santiago de Compostela"]
[Date "2018.11.09"]
[Round "5"]
[White "Xu, Arthur Zihan"]
[Black "Djurovic, Peko"]
[Result "1-0"]
[WhiteElo "2034"]
[BlackElo "1887"]
[PlyCount "105"]
[EventDate "2018.11.04"]
[EventType "swiss"]
[EventRounds "11"]
[EventCountry "ESP"]
[SourceTitle "EXT 2022"]
[Source "ChessBase"]
[SourceDate "2021.10.06"]
[SourceVersion "1"]
[SourceVersionDate "2021.10.06"]
[SourceQuality "1"]

1. e4 c5 2. Nf3 Nc6 3. d4 cxd4 4. Nxd4 Nf6 5. Nc3 d6 6. Bg5 e6 7. Qd2 a6 8. 0-0-0 h6 9. Nxc6 bxc6 10. Bf4 d5 11. Qe3 Bb4 12. e5 Nd7 13. Qg3 Kf8 14. Kb1 Rb8 15. Bc1 Qa5 16. Ne2 Nc5 17. Qe3 Ne4 18. Ka1 Qc5 19. Nd4 Qb6 20. Nb3 Qxe3 21. Bxe3 a5 22. f3 Nc3 23. Rd3 Nb5 24. c3 Be7 25. Nxa5 Bd7 26. Nb3 Nc7 27. Nc5 Ke8 28. Be2 Rb5 29. b4 Bxc5 30. Bxc5 f6 31. Bd6 Rb7 32. f4 Kf7 33. exf6 Kxf6 34. Be5+ Ke7 35. Bxg7 Rg8 36. Rg3 Ne8 37. Bxh6 Rxg3 38. hxg3 Nd6 39. Bg5+ Kf7 40. Kb2 c5 41. a3 c4 42. g4 Ra7 43. Bd8 Ne4 44. Bb6 Ra6 45. Bd4 Kg6 46. Rh8 Nd6 47. Rg8+ Kf7 48. Rg7+ Ke8 49. Bf6 Bc8 50. g5 Nf5 51. Bh5+ Kf8 52. Rh7 Rxa3 53. Rh8# 1-0

[Event "Wch U12"]
[Site "Santiago de Compostela"]
[Date "2018.11.07"]
[Round "3"]
[White "Xu, Arthur Zihan"]
[Black "Yoo, Christopher Woojin"]
[Result "0-1"]
[WhiteElo "2034"]
[BlackElo "2407"]
[PlyCount "120"]
[EventDate "2018.11.04"]
[EventType "swiss"]
[EventRounds "11"]
[EventCountry "ESP"]
[SourceTitle "EXT 2022"]
[Source "ChessBase"]
[SourceDate "2021.10.06"]
[SourceVersion "1"]
[SourceVersionDate "2021.10.06"]
[SourceQuality "1"]

1. e4 e5 2. Nf3 Nc6 3. Bb5 a6 4. Ba4 Nf6 5. 0-0 Be7 6. Re1 b5 7. Bb3 d6 8. c3 0-0 9. d4 Bg4 10. d5 Na5 11. Bc2 Qc8 12. h3 Bd7 13. Bg5 h6 14. Bxf6 Bxf6 15. Nbd2 c5 16. b3 Qc7 17. Nf1 Rab8 18. g4 g6 19. Ng3 Kg7 20. Kh2 Qd8 21. Rg1 Bg5 22. Nxg5 Qxg5 23. Qf3 Qf4 24. Qxf4 exf4 25. Ne2 g5 26. Rge1 Rfe8 27. Kg2 f6 28. f3 Nb7 29. Nc1 Nd8 30. a3 Nf7 31. Rd1 a5 32. Ne2 Ne5 33. Kf2 a4 34. b4 Nc4 35. Bd3 Ne3 36. Rdc1 h5 37. Rh1 Rh8 38. Ng3 hxg4 39. hxg4 Bxg4 40. fxg4 Nxg4+ 41. Kg2 fxg3 42. Rxh8 Kxh8 43. bxc5 dxc5 44. Kxg3 Ne5 45. Bc2 Nc4 46. Bd3 Nd6 47. Rb1 c4 48. Bc2 Kg7 49. Re1 Re8 50. Kg4 Re5 51. Re3 Kh6 52. Rh3+ Kg6 53. Re3 Nxe4 54. Kf3 f5 55. d6 Kf6 56. d7 Ke7 57. Bxe4 Rxe4 58. Rxe4+ fxe4+ 59. Kxe4 Kxd7 60. Kf5 b4 0-1

[Event "Wch U10"]
[Site "Pocos de Caldas"]
[Date "2017.08.28"]
[Round "8"]
[White "Sindarov, Islombek"]
[Black "Xu, Arthur Zihan"]
[Result "1/2-1/2"]
[WhiteElo "1867"]
[BlackElo "1903"]
[PlyCount "137"]
[EventDate "2017.08.22"]
[EventType "swiss"]
[EventRounds "11"]
[EventCountry "BRA"]
[SourceTitle "CBM 180 Extra"]
[Source "ChessBase"]
[SourceDate "2017.10.06"]
[SourceVersion "1"]
[SourceVersionDate "2017.10.06"]
[SourceQuality "1"]

1. e4 c5 2. Nc3 d6 3. d3 Nc6 4. g3 g6 5. Bg2 Bg7 6. Nge2 b6 7. 0-0 Bb7 8. f4 e6 9. f5 Nf6 10. fxe6 fxe6 11. e5 dxe5 12. Bg5 h6 13. Bxf6 Bxf6 14. Ne4 0-0 15. N2c3 Bg7 16. Qg4 Kh7 17. Rxf8 Qxf8 18. Rf1 Qe7 19. Qh4 Qxh4 20. gxh4 Rf8 21. Nd6 Ba8 22. Rxf8 Bxf8 23. Nc8 Ne7 24. Nxb6 axb6 25. Bxa8 Nf5 26. Na4 b5 27. Nb6 Bd6 28. Be4 Nxh4 29. c4 b4 30. a4 bxa3 31. bxa3 Kg7 32. Nc8 Bc7 33. Na7 Nf5 34. a4 Nd4 35. Kf2 Kf6 36. Kg3 Kg5 37. Nc8 Ne2+ 38. Kf3 Nc3 39. Ne7 Kf6 40. Ng8+ Kg7 41. Ne7 Kf7 42. Nc6 Nxa4 43. Kg4 Nc3 44. Na7 Nxe4 45. dxe4 h5+ 46. Kg3 Ba5 47. Nb5 g5 48. Na3 Be1+ 49. Kg2 Kf6 50. Nc2 Bd2 51. h3 Ke7 52. Kf3 Kd6 53. Ke2 Bf4 54. Ne1 Kc6 55. Kd3 Kb6 56. Kc3 h4 57. Nd3 Bg3 58. Kd2 g4 59. Ke2 gxh3 60. Kf3 Ka5 61. Nxc5 Kb4 62. Nxe6 Kxc4 63. Ng5 h2 64. Kg2 Kd3 65. Nf3 Ke2 66. Nxe5 Bxe5 67. Kh1 Ke3 68. Kg2 Kxe4 69. Kh1 1/2-1/2

[Event "Wch U10"]
[Site "Pocos de Caldas"]
[Date "2017.08.28"]
[Round "7"]
[White "Xu, Arthur Zihan"]
[Black "Ye, Luke Sicong"]
[Result "1-0"]
[WhiteElo "1903"]
[BlackElo "1813"]
[PlyCount "123"]
[EventDate "2017.08.22"]
[EventType "swiss"]
[EventRounds "11"]
[EventCountry "BRA"]
[SourceTitle "CBM 180 Extra"]
[Source "ChessBase"]
[SourceDate "2017.10.06"]
[SourceVersion "1"]
[SourceVersionDate "2017.10.06"]
[SourceQuality "1"]

1. c4 c5 2. Nf3 Nc6 3. d4 cxd4 4. Nxd4 g6 5. e4 Bg7 6. Be3 Nf6 7. Nc3 d6 8. Be2 0-0 9. 0-0 a6 10. f3 Nxd4 11. Bxd4 Be6 12. Qd2 Rc8 13. b3 Nd7 14. Bxg7 Kxg7 15. Rfd1 Qa5 16. Rab1 Ne5 17. Kh1 Kg8 18. b4 Qd8 19. Nd5 Bxd5 20. exd5 f5 21. c5 Qd7 22. c6 Qc7 23. a4 Ra8 24. b5 axb5 25. axb5 b6 26. Ra1 Ra7 27. Ra6 Rxa6 28. bxa6 Rb8 29. Rb1 e6 30. Bb5 exd5 31. Qxd5+ Kg7 32. Re1 Rc8 33. h3 f4 34. Rxe5 dxe5 35. Qd7+ Kf8 36. a7 Qxd7 37. cxd7 Rd8 38. Bc6 Ke7 39. a8Q Rxa8 40. Bxa8 Kxd7 41. Kg1 Kd6 42. Kf2 Kc5 43. Ke2 Kc4 44. Be4 b5 45. Kf2 Kc3 46. g3 b4 47. h4 Kd2 48. g4 b3 49. h5 gxh5 50. Bxh7 hxg4 51. fxg4 Kc3 52. Kf3 Kd4 53. g5 b2 54. Be4 b1Q 55. Bxb1 Kd5 56. Bf5 Kd6 57. Ke4 Ke7 58. Kxe5 f3 59. Bd3 Kf7 60. Kf5 f2 61. g6+ Kg7 62. Kg5 1-0

[Event "Wch U10"]
[Site "Pocos de Caldas"]
[Date "2017.08.25"]
[Round "5"]
[White "Xu, Arthur Zihan"]
[Black "Lystsov, Leonid"]
[Result "1-0"]
[WhiteElo "1903"]
[BlackElo "1885"]
[PlyCount "63"]
[EventDate "2017.08.22"]
[EventType "swiss"]
[EventRounds "11"]
[EventCountry "BRA"]
[SourceTitle "CBM 180 Extra"]
[Source "ChessBase"]
[SourceDate "2017.10.06"]
[SourceVersion "1"]
[SourceVersionDate "2017.10.06"]
[SourceQuality "1"]

1. e4 d6 2. d4 Nf6 3. Nd2 g6 4. c3 Bg7 5. Bd3 0-0 6. Ngf3 Nc6 7. 0-0 e5 8. dxe5 dxe5 9. Nc4 Qe7 10. Qe2 Nd7 11. Ne3 Nb6 12. a4 a5 13. b3 Rd8 14. Ba3 Qe8 15. Bb5 Be6 16. b4 f6 17. bxa5 Rxa5 18. Bb4 Raa8 19. a5 Nd7 20. a6 Nxb4 21. axb7 Rab8 22. cxb4 Rxb7 23. Ra6 Rb6 24. Rxb6 cxb6 25. Rd1 Qe7 26. Qd2 Bb3 27. Qd6 Qf7 28. Qc7 Qe7 29. Rxd7 Rxd7 30. Qxd7 Qxb4 31. Nd5 Qxe4 32. Qe8+ 1-0